Self and others = Yo y los demás /

Sábháilte in:
Sonraí bibleagrafaíochta
Príomhchruthaitheoir: Laing, R. D. (Ronald David), 1927-
Formáid: Anaithnid
Teanga:English
Foilsithe / Cruthaithe: Londres : Tavistock Publications, 1969.
Ábhair:
Clibeanna: Cuir clib leis
Níl clibeanna ann, Bí ar an gcéad duine le clib a chur leis an taifead seo!

MARC

LEADER 000000000a22000000004500
001 014788
020 |a 0422731609 
041 0 |a eng 
082 0 4 |a 616.89   |b L187s 
100 1 |a Laing, R. D.   |c (Ronald David),   |d 1927- 
245 1 0 |a Self and others =   |b Yo y los demás /   |c R. D. Laing. 
246 3 1 |a Yo y los demás 
260 1 |a Londres :   |b Tavistock Publications,   |c 1969. 
300 |a xv, 169 páginas ;   |c 23 cm. 
650 4 |a PSICRIATRIA 
650 4 |a ESTUDIO DE CASOS 
650 4 |a RELACIONES INTERPERSONALES 
500 |a Colección George Yúdice 
999 |c 20656  |d 20656 
942 |c BK  |h 616.89 L187s  |2 z